India's Ancient Past/ (Record no. 199927)

MARC details
000 -LEADER
fixed length control field 00767nam a22002057a 4500
005 - DATE AND TIME OF LATEST TRANSACTION
control field 20260622123926.0
010 ## - LCCN (DPL NO)
LC control number B-757077-080 ENG-148889
020 ## - INTERNATIONAL STANDARD BOOK NUMBER
Terms of availability 445.00
International Standard Book Number 9789354977527
035 ## - SYSTEM CONTROL NUMBER
System control number B-757077-080
035 ## - SYSTEM CONTROL NUMBER
System control number EN-132421
037 ## - SOURCE OF ACQUISITION
Source of stock number/acquisition DBAD
082 ## - DEWEY DECIMAL CLASSIFICATION NUMBER
Classification number 954
100 ## - MAIN ENTRY--PERSONAL NAME
Personal name Sharma, R.S.
245 ## - TITLE STATEMENT
Title India's Ancient Past/
Statement of responsibility, etc By R.S. Sharma
260 ## - PUBLICATION, DISTRIBUTION, ETC. (IMPRINT)
Place of publication, distribution, etc New Delhi
Name of publisher, distributor, etc Oxford
Date of publication, distribution, etc 2023
270 ## - ADDRESS
City New Delhi
Address 22 Workspace, 2nd Floor, 1/22 Asaf Ali Road, New Delhi-
Postal code 110002
300 ## - PHYSICAL DESCRIPTION
Extent 387p.
Dimensions 22cm(pbk)
942 ## - ADDED ENTRY ELEMENTS (KOHA)
Source of classification or shelving scheme Dewey Decimal Classification
Item type English Books
Classification part 954
Call number suffix SHA
Holdings
Withdrawn status Lost status Not for loan Collection code Home library Current library Date acquired Source of acquisition Cost, normal purchase price Full call number Barcode Copy number Cost, replacement price Koha item type
      Non-fiction Ashok Vihar Ashok Vihar 15/01/2024 Uppal Book Store/20127/19.12.23/61/23.11.23/20.12.23 445.00 954 SHA B-757078 1 445.00 English Books
      Non-fiction Central Library Central Library 15/01/2024 Uppal Book Store/20127/19.12.23/61/23.11.23/20.12.23 445.00 954 SHA B-757077 1 445.00 English Books
    Not For Loan Non-fiction D.B.Act.Division D.B.Act.Division 22/06/2026 Delivery of Books Act Division 445.00 954 SHA EN-132421 1 445.00 English Books
      Non-fiction Shahdara Branch Shahdara Branch 15/01/2024 Uppal Book Store/20127/19.12.23/61/23.11.23/20.12.23 445.00 954 SHA B-757080 1 445.00 English Books
      Non-fiction Tri Nagar Tri Nagar 15/01/2024 Uppal Book Store/20127/19.12.23/61/23.11.23/20.12.23 445.00 954 SHA B-757079 1 445.00 English Books

© Delhi Public Library
Hit Counter
free hit counter